000 00284nam a22001097a 4500
082 _a894.812
_bDEP/M
100 _aDEPT OF EDUCATION, GOVT OF KERALA
245 _aMALAYALAM MANASWINI, PREMASANGEETHAM
260 _aTRIVANDRUM
_bSIET KERALA
650 _aMALAYALAM VCD
_zKERALA
942 _cBK
999 _c7963
_d7963